Welcome to the Holygrace Academy Library

Please use search bar below to get started

SHATTERED HORSE (Record no. 3245)

MARC details
000 -LEADER
fixed length control field 00296nam a22001337a 4500
020 ## - INTERNATIONAL STANDARD BOOK NUMBER
ISBN 0-7472-3092-7
082 ## - DEWEY DECIMAL CLASSIFICATION NUMBER
Classification number 823
Item number SOM/S
100 ## - MAIN ENTRY--AUTHOR NAME
Personal name SOM TOM, SP
245 ## - TITLE STATEMENT
Title SHATTERED HORSE
260 ## - PUBLICATION, DISTRIBUTION, ETC. (IMPRINT)
Place of publication LONDON
Name of publisher HEADLINE BOOK PUBLISHING
300 ## - PHYSICAL DESCRIPTION
Number of Pages 464
650 ## - SUBJECT ADDED ENTRY--TOPICAL TERM
Topical Term ENGLISH NOVEL
Geographic subdivision LONDON
942 ## - ADDED ENTRY ELEMENTS (KOHA)
Koha item type Books
Holdings
Withdrawn status Lost status Collection code Home library Current library Shelving location Date acquired Source of acquisition Full call number Accession Number Koha item type
    Fiction Main Library Main Library SHELF-2-I ENGLIAH NOVEL TEACHERS 19/06/2010 PURCHASE 823 SOM/S 05492 Books